000 00570nam a22002051 4500
001 2168432
005 20171226073923.0
008 730821s1965 nyua b 000 0 eng
010 _a 65017051
040 _aDLC
_cDLC
_dDLC
041 _aeng
080 _a658 ANS
082 0 0 _a658 ANS
100 1 _a58
101 _aBIZ
245 1 0 _aCorporate strategy;
_c[by] H. Igor Ansoff.
504 _aBibliography: p. 227-236.
906 _a7
_bcbc
_corignew
_du
_eocip
_f19
_gy-gencatlg
942 _2ddc
_cBK
999 _c39409
_d39409